Normal view MARC view

Entry Topical Term

Number of records used in: 1

001 - CONTROL NUMBER

  • control field: 46169

003 - CONTROL NUMBER IDENTIFIER

  • control field: OSt

005 - DATE AND TIME OF LATEST TRANSACTION

  • control field: 20240614151713.0

008 - FIXED-LENGTH DATA ELEMENTS

  • fixed length control field: 240614|| aca||aabn | a|a d

040 ## - CATALOGING SOURCE

  • Original cataloging agency: OSt
  • Transcribing agency: OSt

150 ## - HEADING--TOPICAL TERM

  • Topical term or geographic name entry element: Plastic pollution , Rural India

670 ## - SOURCE DATA FOUND

  • Source citation: Work cat.: (OSt)524526: Bhatia, Swati 46168, Plastic solutions: India needs along with recycling infrastructure to curb plastic pollution in rural India

Powered by Koha